000 00717cam a22001935a 4500
001 L157332
008 121022d18401843xxk f 000 0 eng d
035 _a(Sirsi) u157332
041 0 _aeng
100 1 _aMudie, Robert
245 0 4 _aThe surveyor, engineer, and architect : for the year ... , or, [London monthly journal of the physical and practical sciences]
_cconducted by Robert Mudie
260 _aLondon
_bGrattan & Gilbert
_c1840-1843
300 _a4 v.
_bill.
_c28 cm.
520 _aContinued by: Architect, engineer, and surveyor.
583 _aCondition reviewed
_c20120620
_lcondition level 4 (x3) and 3 (x 2)
651 4 _aGreat Britain
_y1707-
690 _aConstruction management
_96230
942 _n0
999 _c114726
_d114726